000 00462 a2200193 4500
001 75118
020 _a9788574124018
041 _apor
090 _aP Year 1 028 RUM
100 _aRumford, James.
250 _a. ed.
300 _a32 p.
697 _aLiteratura infantojuvenil.
856 _u000002/00000200.jpg
040 _aBR-BrIDEA
_cBR-BrIDEA
245 1 0 _aEscola de chuva
_c James Rumford
260 _aSão Paulo
_bBrinque-Book
_c2012
942 _cBK
999 _c75118
_d75118